000 00517nam a2200181 a 4500
001 000032275
005 20200930063559.0
008 110714s1973 dr 000 0 spa d
040 _aDO-SdBNP
_bspa
_cBNPHU
082 _axxxxx
_bM935
245 0 0 _aMovimiento camilista corecato.
260 _a[Santo Domingo :
_bs.n.,
_c1973].
300 _a63 p. ;
_c18 cm.
490 1 _aDocumentos
590 _aPerteneció a la biblioteca personal de Juan Isidro Jimenes Grullón
830 0 _aDocumentos
_91047
049 _aBNPD
999 _c31766
_d31766